书目信息 |
| 题名: |
模拟电子技能实训
|
|
| 作者: | 杨承毅 主编 ;杨承毅 , 王诗平 编著 | |
| 分册: | ||
| 出版信息: | 北京 人民邮电出版社 2005.10 |
|
| 页数: | 187页 | |
| 开本: | 26cm | |
| 丛书名: | ||
| 单 册: | ||
| 中图分类: | TN01 | |
| 科图分类: | ||
| 主题词: | 模拟电路--mo ni dian lu--电子技术--高等教育--教材 | |
| 电子资源: | ||
| ISBN: | 7-115-13822-2 | |
| 000 | 00994nam0 2200253 450 | |
| 001 | 012006960099 | |
| 005 | 20060919151047.39 | |
| 010 | @a7-115-13822-2@dCNY23.00 | |
| 100 | @a20060617d2005 km y0chiy0120 ea | |
| 101 | 0 | @achi |
| 102 | @aCN@b110000 | |
| 105 | @aa z 000yy | |
| 200 | 1 | @a模拟电子技能实训@Amo ni dian zi ji neng shi xun@f杨承毅主编@Fyang cheng yi zhu bian@g杨承毅, 王诗平编著@Gyang cheng yi,wang shi ping bian zhu |
| 210 | @a北京@c人民邮电出版社@d2005.10 | |
| 215 | @a187页@c图@d26cm | |
| 300 | @a世纪英才模块式技能实训高职电工电子系列教材 | |
| 330 | @a本书对模拟电子电路的认知进行了全面探讨,介绍了放大器基本性能的测量、常用电子仪表的使用及电子电路故障诊断的基本方法,并提出了开放性实验项目。 | |
| 606 | 0 | @a模拟电路@Amo ni dian lu@x电子技术@x高等教育@j教材 |
| 690 | @aTN01@v4 | |
| 701 | 0 | @a杨承毅@Ayang cheng yi@4主编 |
| 702 | 0 | @a杨承毅@Ayang cheng yi@4编著 |
| 702 | 0 | @a王诗平@Awang shi ping@4编著 |
| 801 | 0 | @aCN@bQSSK@c20060919 |
| 905 | @a10447@dTN01@eY158 | |
| 模拟电子技能实训/杨承毅主编/杨承毅, 王诗平编著.-北京:人民邮电出版社,2005.10 |
| 187页:图;26cm |
| 世纪英才模块式技能实训高职电工电子系列教材 |
| ISBN 7-115-13822-2:CNY23.00 |
| 本书对模拟电子电路的认知进行了全面探讨,介绍了放大器基本性能的测量、常用电子仪表的使用及电子电路故障诊断的基本方法,并提出了开放性实验项目。 |
| ● |
| 相关链接 |
|
|
|
正题名:模拟电子技能实训
索取号:TN01/Y158
 
预约/预借
| 序号 | 登录号 | 条形码 | 馆藏地/架位号 | 状态 | 备注 |
| 1 | 588788 | 205887888 | 自科库301/301自科库 24排1列3层/ [索取号:TN01/Y158] | 在馆 | |
| 2 | 588789 | 205887897 | 自科库301/301自科库 24排1列3层/ [索取号:TN01/Y158] | 在馆 | |
| 3 | 588790 | 205887904 | 自科库301/301自科库 24排1列3层/ [索取号:TN01/Y158] | 在馆 |